| 000 | 00378 a2200157 4500 | ||
|---|---|---|---|
| 001 | 60338 | ||
| 020 | _a8508015038 | ||
| 040 | _cAnchieta - Pituba | ||
| 100 | _aRezende, Antonio Paulo | ||
| 240 | 1 | 0 |
_aHistória do movimento operário no Brasil _lpor |
| 245 | 1 | 0 | _aHistória do movimento operário no Brasil |
| 300 | _a88 | ||
| 362 | 0 | _a1990 | |
| 650 | 4 | _aBrasil | |
| 942 | _cBK | ||
| 999 |
_c60338 _d60338 |
||